Normal view
MARC view
Entry Personal Name
001 - CONTROL NUMBER
- control field: 4197
003 - CONTROL NUMBER IDENTIFIER
- control field: OSt
005 - DATE AND TIME OF LATEST TRANSACTION
- control field: 20211028141645.0
008 - FIXED-LENGTH DATA ELEMENTS
- fixed length control field: 211028|| aca||aabn | a|a d
040 ## - CATALOGING SOURCE
- Original cataloging agency: OSt
- Transcribing agency: OSt
100 ## - HEADING--PERSONAL NAME
- Personal name: Nikitha, T B; Ruban, S.
- Miscellaneous information: 111758
670 ## - SOURCE DATA FOUND
- Source citation: Work cat.: (OSt): Nikitha, T B; Ruban, S. 111758, Testing of smartmiles IDE., 2014